Residential property top performer (Record no. 117302)
[ view plain ]
| 000 -LEADER | |
|---|---|
| fixed length control field | 01139cam a2200241 4500 |
| 001 - CONTROL NUMBER | |
| control field | WB4017-14 |
| 008 - FIXED-LENGTH DATA ELEMENTS--GENERAL INFORMATION | |
| fixed length control field | 040506n2004 000 0 eng u |
| 035 ## - SYSTEM CONTROL NUMBER | |
| System control number | (Sirsi) u126112 |
| 245 ## - TITLE STATEMENT | |
| Title | Residential property top performer |
| 260 ## - PUBLICATION, DISTRIBUTION, ETC. | |
| Date of publication, distribution, etc. | 2004 |
| 490 ## - SERIES STATEMENT | |
| Series statement | IPD Press Release |
| Volume/sequential designation | 1 May 2004 (4) |
| 520 ## - SUMMARY, ETC. | |
| Summary, etc. | The latest IPD figures reveal a total return to UK residential investors of 11.5% in 2003. The "UK residential investment index" shows that residential has been the top performing UK investment property sector over the past three years, returning 16.2% a year, compared with 9.1% for commercial property. Central and inner London experienced a total return of below 5%, compared with nearly 25% in northern England and Scotland, highlighting regional differences. Table. http://www.ipdindex.co.uk/about_ipd/press_releases /residential_pr03.asp |
| 590 ## - LOCAL NOTE (RLIN) | |
| Local note | WB |
| 590 ## - LOCAL NOTE (RLIN) | |
| Local note | WB |
| 650 ## - SUBJECT ADDED ENTRY--TOPICAL TERM | |
| Topical term or geographic name entry element | SURVEYS |
| 650 ## - SUBJECT ADDED ENTRY--TOPICAL TERM | |
| Topical term or geographic name entry element | IPD RESIDENTIAL INDEX |
| 650 ## - SUBJECT ADDED ENTRY--TOPICAL TERM | |
| Topical term or geographic name entry element | RESIDENTIAL INVESTMENT MARKET |
| 650 ## - SUBJECT ADDED ENTRY--TOPICAL TERM | |
| Topical term or geographic name entry element | COMMERCIAL PROPERTY MARKET |
| 650 ## - SUBJECT ADDED ENTRY--TOPICAL TERM | |
| Topical term or geographic name entry element | TOTAL RETURNS |
| 650 ## - SUBJECT ADDED ENTRY--TOPICAL TERM | |
| Topical term or geographic name entry element | PERFORMANCE |
| 690 ## - LOCAL SUBJECT ADDED ENTRY--TOPICAL TERM (OCLC, RLIN) | |
| Topical term or geographic name as entry element | INVESTMENT |
| 942 ## - ADDED ENTRY ELEMENTS (KOHA) | |
| Suppress in OPAC | 0 |
| Withdrawn status | Lost status | Source of classification or shelving scheme | Damaged status | Not for loan | Home library | Current library | Shelving location | Date acquired | Total Checkouts | Full call number | Barcode | Date last seen | Copy number | Price effective from | Koha item type |
|---|---|---|---|---|---|---|---|---|---|---|---|---|---|---|---|
| Dewey Decimal Classification | London | London | News article | 06/05/2004 | WB4017-14 | 126112-1001 | 06/08/2019 | 1 | 06/08/2019 | News article |